000 00714nam a2200205Ia 4500
003 GCL
008 140319s9999 xx 000 0 ara d
040 _aGCL /
_cGCL
082 0 4 _aق
_b962.046
_bع ث
100 1 _aعبدالرحمن الرافعى
245 1 0 _aثورة 1919 :
_bتاريخ مصر القومى من 1914 الى 1921 /
_cعبدالرحمن الرافعى
260 _aالقاهرة :
_bدار المعارف ،
_c1987
300 _a619 ؛
_c24 سم
490 _a
650 0 4 _aالعصر الحديث
650 0 4 _aالثورات
650 0 4 _aالسلطان حسين كامل (1914 - 1917
650 0 4 _aمصر - تاريخ - العصر الحديث - ثورة 1919
942 _2ddc
_cBK
999 _c28857
_d28857